[Event "38th Barczay Memorial 2019"]
[Site "Zalakaros"]
[Date "2019.05.24"]
[Round "2.8"]
[White "Suta, Andraz"]
[Black "Gschnitzer, Adrian"]
[Result "0-1"]
[WhiteElo "2175"]
[BlackElo "2419"]
[Annotator "RC"]
[PlyCount "118"]
[EventDate "2019.05.23"]
[EventType "swiss"]
[EventCountry "HUN"]
[SourceTitle "playchess.com"]
[Source "ChessBase"]
[SourceQuality "1"]
[TimeControl "40/5400+30:1800+30"]

1. e4 {[%emt 0:00:08]} c6 {[%emt 0:00:09]} 2. d4 {[%emt 0:00:41]} d5 {[%emt 0:00:09]} 3. e5 {[%emt 0:01:06]} c5 {[%emt 0:00:09]} 4. dxc5 {[%emt 0:02:43]} Nc6 {[%emt 0:00:11]} 5. Nf3 {[%emt 0:04:43]} Bg4 {[%emt 0:00:22]} 6. Bb5 {[%emt 0:02:45]} Qa5+ {[%emt 0:00:46]} 7. Nc3 {[%emt 0:00:07]} e6 {[%emt 0:00:29]} 8. a3 {[%emt 0:04:49]} Bxc5 {[%emt 0:06:56]} 9. O-O {[%emt 0:00:20]} Nge7 {[%emt 0:01:53]} 10. Rb1 {[%emt 0:12:10]} Qc7 {[%emt 0:01:39]} 11. b4 {[%emt 0:05:01]} Bb6 {[%emt 0:02:20]} 12. Bb2 {[%emt 0:10:35]} O-O {[%emt 0:00:21]} 13. Na4 {[%emt 0:04:56]} Bxf3 {[%emt 0:04:58]} 14. Qxf3 {[%emt 0:00:10]} Nxe5 {[%emt 0:00:30]} 15. Qg3 {[%emt 0:00:21]} N5g6 {[%emt 0:01:11]} 16. Nxb6 {[%emt 0:00:35]} Qxb6 {[%emt 0:01:13]} 17. Bd3 {[%emt 0:01:57]} Rac8 {[%emt 0:02:33]} 18. h4 {[%emt 0:06:21]} f6 {[%emt 0:04:36]} 19. h5 {[%emt 0:03:58]} Nh8 {[%emt 0:02:19]} 20. h6 {[%emt 0:01:24]} Nhg6 {[%emt 0:12:27]} 21. hxg7 {[%emt 0:01:48]} Rf7 {[%emt 0:00:20]} 22. Rbe1 {[%emt 0:03:29]} e5 {[%emt 0:01:59]} 23. Qh3 {[%emt 0:10:24]} Rxg7 {[%emt 0:05:13]} 24. Bxg6 {[%emt 0:00:27]} hxg6 {[%emt 0:01:05]} 25. Re3 {[%emt 0:03:34]} Rxc2 {[%emt 0:04:33]} 26. Qd7 {[%emt 0:00:47]} Qc6 {[%emt 0:07:01]} 27. Qd8+ {[%emt 0:00:17]} Kf7 {[%emt 0:00:05]} 28. Bxe5 {[%emt 0:01:20]} Rg8 {[%emt 0:01:05]} 29. Qa5 {[%emt 0:02:06]} fxe5 {[%emt 0:01:23]} 30. Rxe5 {[%emt 0:00:08]} Rc1 {[%emt 0:02:26]} 31. Rfe1 {[%emt 0:01:39]} Rxe1+ {[%emt 0:00:34]} 32. Rxe1 {[%emt 0:00:05]} Qc3 {[%emt 0:16:16]} 33. Rd1 {[%emt 0:03:40]} Qc2 {[%emt 0:01:21]} 34. Rf1 {[%emt 0:00:08]} Rh8 {[%emt 0:02:12]} 35. Qxa7 {[%emt 0:01:17]} Qc7 {[%emt 0:02:03]} 36. f3 {[%emt 0:02:04]} Nc6 {[%emt 0:02:29]} 37. Qc5 {[%emt 0:00:47]} Qh2+ {[%emt 0:00:41]} 38. Kf2 {[%emt 0:00:05]} Qh4+ {[%emt 0:00:06]} 39. Kg1 {[%emt 0:00:06]} Qd4+ {[%emt 0:00:14]} 40. Qxd4 {[%emt 0:00:00]} Nxd4 {[%emt 0:00:00]} 41. Rd1 {[%emt 0:00:27]} Ne2+ {[%emt 0:00:16]} 42. Kf2 {[%emt 0:00:05]} Nc3 {[%emt 0:00:30]} 43. Rd3 {[%emt 0:00:37]} Rc8 {[%emt 0:00:07]} 44. f4 {[%emt 0:00:31]} Ke6 {[%emt 0:01:32]} 45. g4 {[%emt 0:00:32]} Ne4+ {[%emt 0:01:17]} 46. Ke3 {[%emt 0:00:05]} b5 {[%emt 0:02:20]} 47. Kd4 {[%emt 0:01:38]} Rc4+ {[%emt 0:00:07]} 48. Ke3 {[%emt 0:00:06]} g5 {[%emt 0:00:14]} 49. fxg5 {[%emt 0:00:32]} Nxg5 {[%emt 0:00:28]} 50. Rd4 {[%emt 0:00:18]} Ke5 {[%emt 0:01:00]} 51. Rxc4 {[%emt 0:00:22]} dxc4 {[%emt 0:00:07]} 52. Kd2 {[%emt 0:00:57]} Kd4 {[%emt 0:00:46]} 53. Kc2 {[%emt 0:00:27]} Ne4 {[%emt 0:00:44]} 54. Kb2 {[%emt 0:01:43]} Kd3 {[%emt 0:00:13]} 55. a4 {[%emt 0:00:54]} c3+ {[%emt 0:00:15]} 56. Kc1 {[%emt 0:00:22]} c2 {[%emt 0:00:15]} 57. axb5 {[%emt 0:00:13]} Kc3 {[%emt 0:00:07]} 58. b6 {[%emt 0:00:21]} Nf2 {[%emt 0:00:09]} 59. b7 {[%emt 0:00:08]} Nd3# {[%emt 0:00:05]} 0-1

[Event "38th Barczay Memorial 2019"]
[Site "Zalakaros"]
[Date "2019.05.24"]
[Round "2.9"]
[White "Almasi, Istvan"]
[Black "Fucak, Emilio Milko"]
[Result "1-0"]
[WhiteElo "2407"]
[BlackElo "2180"]
[Annotator "NA RC"]
[PlyCount "49"]
[EventDate "2019.05.23"]
[EventType "swiss"]
[EventCountry "HUN"]
[SourceTitle "playchess.com"]
[Source "ChessBase"]
[SourceQuality "1"]
[TimeControl "40/5400+30:1800+30"]

{[%evp 8,35,45,14,32767,32767,32767,35,76,63,88,69,148,160,142,169,257,32767,270,283,32767,302,299,32767,427,466,477,382,401,480]} 1. e4 {[%emt 0:11:43]} e6 {[%emt 0:01:04]} 2. d4 {[%emt 0:00:31]} d5 {[%emt 0:00:08]} 3. e5 {[%emt 0:00:21]} b6 {[%emt 0:00:46]} 4. c3 {[%emt 0:00:46]} Qd7 {[%emt 0:01:27]} 5. Nh3 {[%emt 0:00:08]} a5 {[%emt 0:03:51]} 6. Nf4 {[%emt 0:00:46]} Ba6 {[%emt 0:04:49]} 7. Bxa6 {[%emt 0:00:12]} Rxa6 {[%emt 0:01:32]} 8. O-O {[%emt 0:00:07]} c5 {[%emt 0:10:30]} 9. a4 {[%emt 0:10:40]} c4 {[%emt 0:23:55]} ({Black should try} 9... Nc6) 10. b3 {[%emt 0:02:04]} cxb3 {[%emt 0:00:39]} 11. Qxb3 {[%emt 0:04:34]} h5 {[%emt 0:01:42]} (11... Nc6 $16 12. Na3 Bxa3) 12. c4 {[%emt 0:03:20]} dxc4 {[%emt 0:12:05]} 13. Qxc4 {[%emt 0:00:06]} g5 {[%emt 0:00:58]} 14. Ne2 {[%emt 0:02:46]} Be7 {[%emt 0:06:38]} 15. Nbc3 {[%emt 0:03:26]} Qc6 {[%emt 0:03:11]} 16. Qd3 {[%emt 0:00:39]} Ra7 {[%emt 0:00:43]} 17. Ne4 {[%emt 0:05:28]} g4 {[%emt 0:05:12]} 18. Ba3 $18 {[%emt 0:00:14]} Kf8 {[%emt 0:06:00]} 19. f3 {[%emt 0:03:51]} Bxa3 {[%emt 0:05:51]} 20. Qxa3+ {[%emt 0:00:42]} Re7 {[%emt 0:02:06]} 21. Rac1 {[%emt 0:00:21]} Qd7 {[%emt 0:01:39]} 22. fxg4 {[%emt 0:01:53]} hxg4 {[%emt 0:00:59]} 23. Nd6 {[%emt 0:00:53]} Nh6 {[%emt 0:02:11]} 24. Nc8 {[%emt 0:01:29]} Nf5 {[%emt 0:01:54]} 25. Rxf5 {[%emt 0:00:33]} 1-0

[Event "38th Barczay Memorial 2019"]
[Site "Zalakaros"]
[Date "2019.05.24"]
[Round "2.10"]
[White "Cubar, Vladimir"]
[Black "Persanyi, Barnabas"]
[Result "0-1"]
[WhiteElo "2165"]
[BlackElo "2404"]
[Annotator "TA"]
[PlyCount "100"]
[EventDate "2019.05.23"]
[EventType "swiss"]
[EventCountry "HUN"]
[SourceTitle "playchess.com"]
[Source "ChessBase"]
[SourceQuality "1"]

{[%evp 13,100,-11,-19,-14,-14,-37,-10,-14,-14,-15,-11,-15,-22,-22,-20,-51,-5,-10,7,-8,1,0,0,-4,-12,-15,-6,-3,-4,-16,-12,-34,-34,-29,-26,-27,-21,-12,-12,-24,-13,-12,-4,-29,-29,-54,-55,-66,-65,-60,-41,-37,-43,-38,-18,-31,-29,-69,-31,-72,-43,-83,-35,-83,-48,-86,-85,-164,-85,-87,-98,-87,-124,-230,-192,-271,-264,-284,-234,-481,-436,-623,-589,-29983,-29984,-29984,-29985,-29984,-29983]} 1. Nf3 c5 2. c3 d5 3. d4 Nf6 4. Bf4 Nc6 5. e3 Qb6 6. Qc1 Bf5 7. Nbd2 e6 8. Be2 {D02: 1 d4 d5 2 Nf3 sidelines, including 2...Nf6 3 g3 and 2...Nf6 3 Bf4} Be7 9. h3 (9. a4 c4 10. O-O O-O 11. Nh4 Be4 12. Nxe4 Nxe4 {0-1 (43) Sivuk,V (2532)-Sargissian,G (2689) Gjakova 2016}) 9... Ne4 (9... Nd7 {seems wilder.} 10. O-O O-O 11. Bg3 Rfc8 12. Nb3 cxd4 13. Nbxd4 Be4) 10. Nxe4 {The position is equal.} Bxe4 11. O-O Rc8 12. Qd2 O-O 13. Ne5 $146 ({Predecessor:} 13. Rac1 Rfd8 14. Rfd1 cxd4 15. exd4 Na5 {0-1 (66) Kohtz,A-Kroencke,M (2275) Germany 1993}) 13... Rfd8 14. Bd3 Bxd3 15. Nxd3 f6 16. Bh2 Na5 17. Rab1 Qc6 18. Qe2 Nc4 19. Rfe1 b6 {[%cal Bb7b6,Bb6b5][%mdl 32]} 20. Rbd1 Bf8 21. Nf4 b5 22. b3 Nb6 23. Qg4 f5 24. Qe2 Bd6 25. Nd3 c4 26. Ne5 Bxe5 27. Bxe5 a6 28. g4 Nd7 29. gxf5 exf5 30. Qf3 Qe6 31. b4 $1 Nxe5 32. dxe5 Qxe5 33. Rd4 $1 Rc6 34. Red1 {[%cal Rd4d5]} Rcd6 $36 {[%mdl 2048] Black is more active.} 35. Kf1 g6 36. Ke2 Kf7 37. h4 h6 38. Qg2 R8d7 39. f4 Qe6 40. Qf3 (40. h5 $17) 40... Kf6 (40... h5 $19 41. a3 Kg7) 41. h5 $17 g5 42. fxg5+ hxg5 43. Kf2 (43. Rg1 $17) 43... Qe5 44. h6 (44. Rg1 {keeps fighting.}) 44... Qh2+ $19 {[%mdl 64] Double Attack} 45. Kf1 {[%cal Rd4d5]} Ke6 ({Avoid the trap} 45... Qxa2 $2 46. Qh5 $18) 46. e4 $2 (46. R1d2 {was necessary.} Qxh6 47. Rf2) 46... fxe4 47. Qg4+ {[#]} (47. Re1 $142 Ke7 48. h7) 47... Ke7 $1 {( -> ...Rf6+)} 48. Rxe4+ dxe4 {Black mates.} 49. Qxe4+ {[#]} Kf8 $1 50. Rxd6 Qxd6 {Accuracy: White = 25%, Black = 54%.} 0-1

[Event "38th Barczay Memorial 2019"]
[Site "Zalakaros"]
[Date "2019.05.24"]
[Round "2.11"]
[White "Srinath, Rao S.V."]
[Black "Medancic, Rikard"]
[Result "1-0"]
[WhiteElo "2395"]
[BlackElo "2167"]
[Annotator "TA"]
[PlyCount "75"]
[EventDate "2019.05.23"]
[EventType "swiss"]
[EventCountry "HUN"]
[SourceTitle "playchess.com"]
[Source "ChessBase"]
[SourceQuality "1"]

{[%evp 9,75,27,58,39,44,53,54,0,47,18,33,18,32,27,33,32,33,42,33,35,33,41,37,31,37,6,34,33,54,45,64,56,59,70,93,72,79,61,103,67,164,170,170,169,158,116,104,111,115,115,129,106,135,108,121,126,201,214,433,416,1585,313,299,288,1635,1470,29968,2224]} 1. e4 g6 2. d4 Bg7 3. c3 d6 4. Bd3 a6 (4... Nf6 5. Nf3 O-O 6. O-O c5 7. d5 Bg4 8. Nbd2 Nbd7 9. h3 Ne5 10. Be2 Nxf3+ 11. Nxf3 Bd7 12. e5 dxe5 13. Nxe5 Bf5 14. Bf3 Be4 15. Ng4 Bxf3 16. Nxf6+ Bxf6 17. Qxf3 {1-0 (37) Sokolov,I (2650)-Kasimdzhanov,R (2700) Dubai 2014}) 5. a4 $146 ({Predecessor:} 5. Nf3 b5 6. O-O Bb7 7. a4 bxa4 8. Rxa4 Nd7 9. Re1 e6 10. Nbd2 {1-0 (51) Popov,I (2596)-Golubov,S (2481) Moscow 2016}) 5... b6 6. Ne2 {B06: Modern Defence} e6 7. O-O Ne7 8. f4 ({Better is} 8. Bc2 $14) 8... f5 9. exf5 exf5 10. Qb3 d5 11. Be3 Nd7 12. a5 b5 13. Nd2 {[%cal Bb1d2,Bd2f3,Bf3e5][%mdl 32]} Nf6 14. Qc2 O-O 15. Nf3 Bb7 16. Ne5 Ne4 17. Ng3 Kh8 18. Be2 Ng8 19. Nxe4 dxe4 20. b3 $1 Nf6 21. c4 c6 22. Rfd1 Rc8 23. Qb2 Qe8 24. Qa3 Nd7 ({Black should play} 24... Qe6 $14) 25. Qd6 $18 Nxe5 26. dxe5 Rf7 27. Bb6 Bf8 28. Qd2 Qe6 29. Rac1 Re8 30. b4 Bc8 31. cxb5 cxb5 32. Bc5 Bxc5+ (32... Rd7 $16 33. Qe3 Bg7) 33. Rxc5 Rd7 $2 {[#]} (33... Qb3 34. Rc3 Qe6) 34. Qc3 $1 {Rd6 is the strong threat.} Red8 (34... Rg7 $142 35. Rd6 Qg8) 35. Rxd7 $2 (35. Rd6 Rxd6 36. exd6+ Kg8 37. Rc7) 35... Bxd7 36. Bd1 {Hoping for Bb3.} Bc6 $2 (36... Be8 37. Bc2 h5) 37. Bb3 Bd5 38. Qd4 {Accuracy: White = 70%, Black = 27%.} (38. Rxd5 $142 Rxd5 39. Bxd5 Qe7 40. Qc8+ Kg7 41. Qb7 Kf8 42. Qxa6 Kg7 {[#]} 43. Qf6+ $1 {[%mdl 576] Promotion} Qxf6 44. exf6+ Kxf6 45. a6) 1-0

[Event "38th Barczay Memorial 2019"]
[Site "Zalakaros"]
[Date "2019.05.25"]
[Round "3.1"]
[White "Ianov, Viktor"]
[Black "Horvath, Adam"]
[Result "1/2-1/2"]
[WhiteElo "2298"]
[BlackElo "2531"]
[Annotator "ChessBase"]
[PlyCount "73"]
[EventDate "2019.05.23"]
[EventType "swiss"]
[EventCountry "HUN"]
[SourceTitle "playchess.com"]
[Source "ChessBase"]
[SourceQuality "1"]
[TimeControl "40/5400+30:1800+30"]

1. Nf3 {[%emt 0:00:40]} c5 {[%emt 0:02:14]} 2. c4 {[%emt 0:00:14]} Nc6 {[%emt 0:00:03]} 3. g3 {[%emt 0:00:11]} g6 {[%emt 0:00:24]} 4. Bg2 {[%emt 0:00:09]} Bg7 {[%emt 0:00:06]} 5. Nc3 {[%emt 0:00:07]} d6 {[%emt 0:00:19]} 6. d3 {[%emt 0:00:10]} e6 {[%emt 0:00:39]} 7. Bg5 {[%emt 0:01:58]} Nge7 {[%emt 0:01:07]} 8. Rb1 {[%emt 0:01:02]} h6 {[%emt 0:01:53]} 9. Bd2 {[%emt 0:00:09]} b6 {[%emt 0:01:35]} 10. O-O {[%emt 0:00:35]} Bb7 {[%emt 0:00:23]} 11. a3 {[%emt 0:00:21]} Qd7 {[%emt 0:00:18]} 12. b4 {[%emt 0:00:15]} O-O {[%emt 0:01:18]} 13. Ne1 {[%emt 0:02:14]} Rad8 {[%emt 0:05:28]} 14. Nc2 {[%emt 0:00:43]} f5 {[%emt 0:08:06]} 15. f4 {[%emt 0:00:34]} Nd4 {[%emt 0:19:57]} 16. Bxb7 {[%emt 0:02:09]} Qxb7 {[%emt 0:01:42]} 17. e3 {[%emt 0:00:09]} Nxc2 {[%emt 0:00:26]} 18. Qxc2 {[%emt 0:00:10]} cxb4 {[%emt 0:13:31]} 19. axb4 {[%emt 0:00:11]} d5 {[%emt 0:00:05]} 20. Ne2 {[%emt 0:12:50]} dxc4 {[%emt 0:13:09]} 21. Qxc4 {[%emt 0:00:32]} Rd6 {[%emt 0:01:45]} 22. b5 {[%emt 0:02:18]} Rc8 {[%emt 0:12:38]} 23. Qb3 {[%emt 0:00:29]} Qd7 {[%emt 0:05:10]} 24. d4 {[%emt 0:00:57]} Nd5 {[%emt 0:00:23]} 25. Rfc1 {[%emt 0:01:10]} Bf8 {[%emt 0:00:29]} 26. Rxc8 {[%emt 0:02:28]} Qxc8 {[%emt 0:00:03]} 27. Rc1 {[%emt 0:00:09]} Qb7 {[%emt 0:01:39]} 28. Rc2 {[%emt 0:05:11]} a5 {[%emt 0:02:05]} 29. bxa6 {[%emt 0:00:36]} Qxa6 {[%emt 0:00:03]} 30. Nc1 {[%emt 0:01:45]} b5 {[%emt 0:02:52]} 31. Nd3 {[%emt 0:01:18]} Qa4 {[%emt 0:01:24]} 32. Rb2 {[%emt 0:00:21]} Ra6 {[%emt 0:01:44]} 33. Kf2 {[%emt 0:02:39]} Nf6 {[%emt 0:01:44]} 34. Ke2 {[%emt 0:00:32]} Ne4 {[%emt 0:01:05]} 35. Qxb5 {[%emt 0:01:00]} Qa1 {[%emt 0:00:19]} 36. Nc5 {[%emt 0:03:02]} Ra8 {[%emt 0:01:22]} 37. Nxe4 {[%emt 0:02:05]} 1/2-1/2

[Event "38th Barczay Memorial 2019"]
[Site "Zalakaros"]
[Date "2019.05.25"]
[Round "3.2"]
[White "Kantor, Gergely"]
[Black "Meszaros, Andras"]
[Result "1-0"]
[WhiteElo "2516"]
[BlackElo "2285"]
[Annotator "ChessBase"]
[PlyCount "65"]
[EventDate "2019.05.23"]
[EventType "swiss"]
[EventCountry "HUN"]
[SourceTitle "playchess.com"]
[Source "ChessBase"]
[SourceQuality "1"]
[TimeControl "40/5400+30:1800+30"]

1. d4 {[%emt 0:01:46]} d5 {[%emt 0:03:41]} 2. c4 {[%emt 0:00:12]} c6 {[%emt 0:00:09]} 3. Nf3 {[%emt 0:00:47]} Nf6 {[%emt 0:00:09]} 4. Nc3 {[%emt 0:00:55]} a6 {[%emt 0:00:24]} 5. Qc2 {[%emt 0:03:34]} g6 {[%emt 0:04:49]} 6. Bg5 {[%emt 0:01:24]} Bg7 {[%emt 0:03:02]} 7. cxd5 {[%emt 0:03:28]} cxd5 {[%emt 0:02:15]} 8. Bxf6 {[%emt 0:01:19]} exf6 {[%emt 0:01:07]} 9. Qb3 {[%emt 0:00:20]} Be6 {[%emt 0:02:25]} 10. Qxb7 {[%emt 0:02:30]} Nd7 {[%emt 0:00:04]} 11. e3 {[%emt 0:08:31]} O-O {[%emt 0:03:39]} 12. Qb3 {[%emt 0:03:13]} Qa5 {[%emt 0:05:15]} 13. Bd3 {[%emt 0:05:19]} Rab8 {[%emt 0:12:11]} 14. Qc2 {[%emt 0:02:10]} Rfc8 {[%emt 0:17:25]} 15. O-O {[%emt 0:02:57]} Nb6 {[%emt 0:01:33]} 16. Nd2 Nc4 {[%emt 0:01:51]} 17. Nxc4 {[%emt 0:34:14]} dxc4 {[%emt 0:00:10]} 18. Be2 {[%emt 0:00:09]} Rb4 {[%emt 0:10:34]} 19. a3 {[%emt 0:03:09]} Rb3 {[%emt 0:04:22]} 20. Rab1 {[%emt 0:03:40]} Bf8 {[%emt 0:05:44]} 21. Rfc1 {[%emt 0:01:31]} f5 {[%emt 0:02:15]} 22. d5 {[%emt 0:02:02]} Bd7 {[%emt 0:05:21]} 23. Bxc4 {[%emt 0:00:48]} Rb6 {[%emt 0:02:28]} 24. Ba2 {[%emt 0:04:10]} Qc5 {[%emt 0:09:13]} 25. Qd2 {[%emt 0:00:52]} Qd6 {[%emt 0:00:13]} 26. Ne2 {[%emt 0:02:02]} Re8 {[%emt 0:00:20]} 27. b4 {[%emt 0:02:14]} g5 {[%emt 0:00:19]} 28. Nd4 {[%emt 0:02:14]} Qh6 {[%emt 0:00:27]} 29. g3 {[%emt 0:02:32]} g4 {[%emt 0:01:19]} 30. Nc6 {[%emt 0:00:27]} Bxc6 {[%emt 0:01:15]} 31. dxc6 {[%emt 0:00:15]} Rxc6 {[%emt 0:00:14]} 32. Bxf7+ {[%emt 0:00:48]} Kxf7 {[%emt 0:00:08]} 33. Qd7+ {[%emt 0:00:04]} 1-0

[Event "38th Barczay Memorial 2019"]
[Site "Zalakaros"]
[Date "2019.05.25"]
[Round "3.3"]
[White "Becskei, Zoltan"]
[Black "Bokros, Albert"]
[Result "0-1"]
[WhiteElo "2285"]
[BlackElo "2461"]
[Annotator "ChessBase"]
[PlyCount "130"]
[EventDate "2019.05.23"]
[EventType "swiss"]
[EventCountry "HUN"]
[SourceTitle "playchess.com"]
[Source "ChessBase"]
[SourceQuality "1"]
[TimeControl "40/5400+30:1800+30"]

1. e4 {[%emt 0:00:31]} c5 {[%emt 0:00:19]} 2. Nf3 {[%emt 0:00:16]} e6 {[%emt 0:01:14]} 3. d4 {[%emt 0:00:09]} cxd4 {[%emt 0:00:05]} 4. Nxd4 {[%emt 0:00:08]} a6 {[%emt 0:00:29]} 5. Bd3 {[%emt 0:00:20]} Qc7 {[%emt 0:00:11]} 6. O-O {[%emt 0:01:09]} Nf6 {[%emt 0:00:13]} 7. Qe2 {[%emt 0:00:34]} d6 {[%emt 0:00:49]} 8. c4 {[%emt 0:02:14]} Nc6 {[%emt 0:04:43]} 9. Nxc6 {[%emt 0:00:49]} bxc6 {[%emt 0:00:56]} 10. Kh1 {[%emt 0:04:12]} Be7 {[%emt 0:02:39]} 11. f4 {[%emt 0:00:20]} e5 {[%emt 0:02:16]} 12. Nc3 {[%emt 0:02:41]} O-O {[%emt 0:01:14]} 13. Rb1 {[%emt 0:03:34]} a5 {[%emt 0:07:41]} 14. a3 {[%emt 0:00:39]} Nd7 {[%emt 0:05:32]} 15. b4 {[%emt 0:01:31]} axb4 {[%emt 0:06:21]} 16. axb4 {[%emt 0:00:10]} exf4 {[%emt 0:03:43]} 17. Bxf4 {[%emt 0:00:20]} Bf6 {[%emt 0:02:01]} 18. Rb3 {[%emt 0:21:53]} Be5 {[%emt 0:06:03]} 19. Bxe5 {[%emt 0:09:25]} Nxe5 {[%emt 0:02:32]} 20. b5 {[%emt 0:01:31]} Bg4 {[%emt 0:06:28]} 21. Qe3 {[%emt 0:15:39]} Be6 {[%emt 0:04:34]} 22. bxc6 {[%emt 0:04:36]} Qxc6 {[%emt 0:07:18]} 23. Nd5 {[%emt 0:01:17]} Bxd5 {[%emt 0:02:43]} 24. cxd5 {[%emt 0:01:29]} Qc7 {[%emt 0:05:15]} 25. Be2 {[%emt 0:01:14]} Ra2 {[%emt 0:02:17]} 26. Bf3 {[%emt 0:02:37]} h6 {[%emt 0:03:23]} 27. h3 {[%emt 0:00:27]} Rc8 {[%emt 0:01:36]} 28. Re1 {[%emt 0:04:05]} Qa5 {[%emt 0:04:39]} 29. Rg1 {[%emt 0:03:05]} Qa4 {[%emt 0:08:48]} 30. Rc3 {[%emt 0:01:13]} Rxc3 {[%emt 0:01:44]} 31. Qxc3 {[%emt 0:00:08]} Rc2 {[%emt 0:00:47]} 32. Qe3 {[%emt 0:00:43]} Qa2 {[%emt 0:00:36]} 33. Bd1 {[%emt 0:01:45]} Rd2 {[%emt 0:01:57]} 34. Qb6 {[%emt 0:01:06]} Qa3 {[%emt 0:00:48]} 35. Qd8+ {[%emt 0:03:18]} Kh7 {[%emt 0:00:05]} 36. Qh4 {[%emt 0:02:33]} Qd3 {[%emt 0:01:03]} 37. Qe1 {[%emt 0:00:18]} Qd4 {[%emt 0:02:19]} 38. Kh2 {[%emt 0:00:46]} Rb2 {[%emt 0:01:49]} 39. Rf1 {[%emt 0:01:49]} Kg8 {[%emt 0:01:09]} 40. Bf3 {[%emt 0:00:00]} Qd3 {[%emt 0:00:00]} 41. Bh5 {[%emt 0:07:53]} g6 {[%emt 0:04:35]} 42. Bd1 {[%emt 0:00:40]} Kg7 {[%emt 0:01:10]} 43. Kh1 {[%emt 0:01:17]} Rb1 {[%emt 0:08:02]} 44. Kh2 {[%emt 0:04:43]} Qd4 {[%emt 0:02:53]} 45. Kh1 {[%emt 0:06:42]} Nd3 {[%emt 0:02:56]} 46. Qd2 {[%emt 0:00:54]} Qxe4 {[%emt 0:01:49]} 47. Kh2 {[%emt 0:00:54]} Qxd5 {[%emt 0:03:04]} 48. Re1 {[%emt 0:04:03]} Rb2 {[%emt 0:02:31]} 49. Qc3+ {[%emt 0:00:31]} Kh7 {[%emt 0:00:45]} 50. Bf3 {[%emt 0:02:08]} Qf5 {[%emt 0:02:58]} 51. Rf1 {[%emt 0:07:55]} Qe5+ {[%emt 0:02:01]} 52. Qxe5 {[%emt 0:00:05]} Nxe5 {[%emt 0:00:08]} 53. Bd5 {[%emt 0:00:11]} Kg7 {[%emt 0:00:18]} 54. Rd1 {[%emt 0:00:04]} f5 {[%emt 0:00:37]} 55. Kg1 {[%emt 0:00:38]} Kf6 {[%emt 0:00:25]} 56. h4 {[%emt 0:00:26]} g5 {[%emt 0:01:26]} 57. hxg5+ {[%emt 0:00:04]} hxg5 {[%emt 0:00:05]} 58. Bg8 {[%emt 0:00:49]} Rb6 {[%emt 0:00:20]} 59. Bd5 {[%emt 0:00:14]} f4 {[%emt 0:01:19]} 60. Be4 {[%emt 0:00:29]} Ng4 {[%emt 0:00:29]} 61. Rd5 {[%emt 0:00:55]} Ne3 {[%emt 0:00:32]} 62. Ra5 {[%emt 0:00:24]} Rb4 {[%emt 0:00:33]} 63. Ba8 {[%emt 0:00:59]} g4 {[%emt 0:00:23]} 64. Kh2 {[%emt 0:01:39]} g3+ {[%emt 0:01:35]} 65. Kh3 {[%emt 0:00:04]} Rb1 {[%emt 0:00:12]} 0-1

[Event "38th Barczay Memorial 2019"]
[Site "Zalakaros"]
[Date "2019.05.25"]
[Round "3.4"]
[White "Varga, Zoltan"]
[Black "Pribelszky, Bence"]
[Result "1-0"]
[WhiteElo "2457"]
[BlackElo "2244"]
[Annotator "ChessBase"]
[PlyCount "77"]
[EventDate "2019.05.23"]
[EventType "swiss"]
[EventCountry "HUN"]
[SourceTitle "playchess.com"]
[Source "ChessBase"]
[SourceQuality "1"]
[TimeControl "40/5400+30:1800+30"]

1. e4 {[%emt 0:10:11]} e5 {[%emt 0:00:07]} 2. Nf3 {[%emt 0:00:05]} Nf6 {[%emt 0:00:05]} 3. Nc3 {[%emt 0:00:44]} Bb4 {[%emt 0:00:20]} 4. a3 {[%emt 0:08:37]} Bxc3 {[%emt 0:00:47]} 5. dxc3 {[%emt 0:00:07]} O-O {[%emt 0:09:02]} 6. Qe2 {[%emt 0:07:05]} d5 {[%emt 0:17:14]} 7. exd5 {[%emt 0:00:17]} e4 {[%emt 0:02:24]} 8. Nd4 {[%emt 0:00:15]} Qxd5 {[%emt 0:01:36]} 9. Bf4 {[%emt 0:06:21]} Na6 {[%emt 0:17:21]} 10. Qc4 {[%emt 0:07:21]} Bg4 {[%emt 0:08:58]} 11. Qxd5 {[%emt 0:09:22]} Nxd5 {[%emt 0:00:08]} 12. Bg3 {[%emt 0:00:02]} Nc5 {[%emt 0:15:44]} 13. c4 {[%emt 0:00:44]} Nb6 {[%emt 0:01:00]} 14. Bxc7 {[%emt 0:00:33]} Nba4 {[%emt 0:02:40]} 15. b3 {[%emt 0:03:36]} Rac8 {[%emt 0:03:06]} 16. Bf4 {[%emt 0:02:50]} Rfd8 {[%emt 0:12:04]} 17. Nb5 {[%emt 0:02:18]} a6 {[%emt 0:00:31]} 18. Nd6 {[%emt 0:00:32]} Rc6 {[%emt 0:00:32]} 19. h3 {[%emt 0:01:43]} Bh5 {[%emt 0:02:09]} 20. Nf5 {[%emt 0:04:06]} Rf6 {[%emt 0:01:16]} 21. Bg5 {[%emt 0:02:29]} Nc3 {[%emt 0:00:45]} 22. Bxf6 {[%emt 0:01:18]} gxf6 {[%emt 0:00:06]} 23. g4 {[%emt 0:07:28]} Bg6 {[%emt 0:00:09]} 24. Ne7+ {[%emt 0:00:04]} Kf8 {[%emt 0:00:37]} 25. Nd5 {[%emt 0:05:02]} Nxd5 {[%emt 0:00:21]} 26. O-O-O {[%emt 0:00:06]} Nd3+ 27. cxd3 {[%emt 0:01:10]} Nc3 {[%emt 0:03:32]} 28. Rd2 {[%emt 0:00:02]} exd3 {[%emt 0:00:14]} 29. f3 {[%emt 0:00:02]} Re8 {[%emt 0:01:09]} 30. Bxd3 {[%emt 0:01:32]} Re3 {[%emt 0:00:31]} 31. Kc2 {[%emt 0:02:21]} Ne2 {[%emt 0:00:28]} 32. Bxg6 {[%emt 0:00:05]} hxg6 {[%emt 0:00:08]} 33. Rd3 {[%emt 0:00:18]} Rxf3 {[%emt 0:00:51]} 34. Rxf3 {[%emt 0:00:41]} Nd4+ {[%emt 0:00:04]} 35. Kd3 {[%emt 0:00:11]} Nxf3 {[%emt 0:00:04]} 36. b4 {[%emt 0:00:11]} Ke7 {[%emt 0:01:18]} 37. Ke4 {[%emt 0:00:15]} Ng5+ {[%emt 0:00:37]} 38. Kd5 {[%emt 0:00:10]} Kd7 {[%emt 0:00:28]} 39. h4 {[%emt 0:00:11]} 1-0